00681cam a2200205 a 450000100100000000500170001000800410002702000150006804000250008308200190010810000380012724500540016526000370021930000270025665000380028365000300032171000370035171000380038871000490042600000488720200929151527.0020729s2001 nq a 001 0 spa  a9992442425 aDO-SdBNPbspacBNPHU aN861.44bS211h1 aSánchez, María Teresa,d1918-10aHuésped del olvido /cMaría Teresa Sánchez. aManagua :bANE/CNE/NORAD,c2001. a52 p. :bil. ;c21 cm. 4aPoesía nicaragünseySIGLO XXI 4aLiteratura nicaragüense1 aAsociacion Noruega de Escritores1 aCentro Nicaragüense de Editores1 aNorwegian Agency for Development Cooperation